00382cam a22001217a 4500008004000000082002100040100002000061245006200081260005000143300001000193650002800203650002900231180718b1975 xxu||||| |||| 00| 0 eng d aXAO 37x5452 T152 aArangannal,Rama aSocio economic survey of Madras slumscBy Rama Arangannal aMadrasbTamil Nadu slum clearance boardc1975 a175p. aPoor -- India -- Madras aSlums -- India -- Madras